| 000 | 00658nam a2200229 u 4500 | ||
|---|---|---|---|
| 005 | 20240831063810.0 | ||
| 008 | 160601s2002 es r 000 0 spa d | ||
| 020 | _a9788484121923 | ||
| 035 | _aUPN01000210982 | ||
| 049 | _aI | ||
| 050 | 4 |
_aPZ78 _bS2.22 |
|
| 100 | 1 | _aSabaté Rodié, Teresa | |
| 245 | 1 | 3 |
_aUn accidente / _cTeresa Sabaté ; il. Carme Solà. |
| 260 |
_aBarcelona, Esp. : _bSalvatella, _c2002. |
||
| 300 |
_a31 p. : _bil. col. |
||
| 440 | 4 |
_aLos derechos del niño ; _v8 |
|
| 650 | 4 |
_aCuentos infantiles españoles _97725 |
|
| 650 | 0 |
_aAventuras y aventureros _94121 |
|
| 905 | _aInfantil | ||
| 999 |
_c183083 _d183083 |
||